| 000 | 00570nam a2200205Ia 4500 | ||
|---|---|---|---|
| 005 | 20230113094822.0 | ||
| 008 | 131103s9999 xx 000 0 und d | ||
| 040 | _aLoreto College | ||
| 041 | _aEnglish | ||
| 082 |
_a821.4 _bMIL-WAU |
||
| 245 | 4 |
_aThe poetical works of John Milton _cedited by Arthur Waugh |
|
| 260 |
_aLondon _bCollins Clear - Type Press _c[19 -?] |
||
| 300 |
_ax,596 p. _b ill. |
||
| 504 | _aIncludes index of first lines | ||
| 650 | _aEnglish Poetry | ||
| 651 | _aParadise Lost | ||
| 700 | _aWaugh,Aurthur,ed. | ||
| 850 | _aLCLIB | ||
| 942 | _cBK | ||
| 999 |
_c4836 _d55315 |
||